000 01638nam a2200373Ia 4500
001 ebr10053839
003 CaPaEBR
006 m u
007 cr cn|||||||||
008 000525s2000 nyu sb 001 0 eng d
010 _z 00042681
015 _aGBA1-4408
020 _z0203906853
020 _z0815334915 (acid-free paper)
020 _z0815338953 (pbk. : acid-free paper)
040 _aCaPaEBR
_cCaPaEBR
035 _a(OCoLC)50781654
050 1 4 _aPR830.I54
_bK88 2000eb
100 1 _aKutzer, M. Daphne.
245 1 0 _aEmpire's children
_h[electronic resource] :
_bempire and imperialism in classic British children's books /
_cM. Daphne Kutzer.
260 _aNew York :
_bGarland Pub.,
_c2000.
300 _axxii, 157 p.
490 1 _aGarland reference library of the humanities ;
_vv. 2005.
_aChildren's literature and culture ;
_vv. 16
504 _aIncludes bibliographical references (p. 143-149) and index.
533 _aElectronic reproduction.
_bPalo Alto, Calif. :
_cebrary,
_d2009.
_nAvailable via World Wide Web.
_nAccess may be limited to ebrary affiliated libraries.
650 0 _aChildren's stories, English
_xHistory and criticism.
650 0 _aImperialism in literature.
650 0 _aColonies in literature.
655 7 _aElectronic books.
_2local
710 2 _aebrary, Inc.
830 0 _aGarland reference library of the humanities ;
_vv. 2005.
830 0 _aGarland reference library of the humanities.
_pChildren's literature and culture ;
_vv. 16.
856 4 0 _uhttp://site.ebrary.com/lib/rucke/Doc?id=10053839
_zAn electronic book accessible through the World Wide Web; click to view
999 _c64548
_d64548